Southville International School and Colleges
Your cart is empty.
  • Cart
  • Lists
    Public lists Eva Luna New books Lux_list list_1
    Your lists Log in to create your own lists
  • Log in to your account
  • Your cookies
  • Search history
Southville International School and Colleges
  • Advanced search
  • Recent comments
  • Most popular
  • Libraries

Log in to your account

Log in with GOOGLE


If you do not have an external account, but do have a local account, you can still log in:

  1. Home
  2. MARC view: Drawing and perceiving :
Normal view MARC view ISBD view

Drawing and perceiving : (Record no. 21837)

[ view plain ]
MARC details
000 -LEADER
fixed length control field 00657nam a2200217 a 4500
005 - DATE AND TIME OF LATEST TRANSACTION
control field 20140310183342.0
008 - FIXED-LENGTH DATA ELEMENTS--GENERAL INFORMATION
fixed length control field 070109s19uu xx 00 eng d
020 ## - INTERNATIONAL STANDARD BOOK NUMBER
International Standard Book Number 0471357146
050 ## - LIBRARY OF CONGRESS CALL NUMBER
Classification number NA 2708
Item number .C66 2001
100 ## - MAIN ENTRY--PERSONAL NAME
Personal name Cooper, Douglas
245 ## - TITLE STATEMENT
Title Drawing and perceiving :
Remainder of title life drawing for students of architechture and design /
Statement of responsibility, etc Douglas Cooper.
250 ## - EDITION STATEMENT
Edition statement 3rd ed.
260 ## - PUBLICATION, DISTRIBUTION, ETC. (IMPRINT)
Place of publication, distribution, etc New York :
Name of publisher, distributor, etc John Wiley & Sons, Inc,
Date of publication, distribution, etc 2001.
300 ## - PHYSICAL DESCRIPTION
Extent 208 p. :
Other physical details ill. ;
Dimensions 21 cm.
500 ## - GENERAL NOTE
General note Includes Index.
521 ## - TARGET AUDIENCE NOTE
Target audience note
650 ## - SUBJECT ADDED ENTRY--TOPICAL TERM
Topical term or geographic name as entry element Architectural drawing
General subdivision technique.
650 ## - SUBJECT ADDED ENTRY--TOPICAL TERM
Topical term or geographic name as entry element Visual perception.
942 ## - ADDED ENTRY ELEMENTS (KOHA)
Koha item type Books
Source of classification or shelving scheme Library of Congress Classification
Call number prefix Foreign
Holdings
Withdrawn status Lost status Source of classification or shelving scheme Damaged status Home library Current library Shelving location Date acquired Source of acquisition Cost, normal purchase price Total Checkouts Full call number Barcode Date last seen Date checked out Price effective from Koha item type
    Library of Congress Classification   College Library College Library General Circulation Section 08/25/2010   1254.00 1 NA 2708 .C66 2001 C8024 05/15/2018 01/30/2015 10/10/2013 Books

Drawing and perceiving :

APA

Cooper D., . (2001). Drawing and perceiving. New York: John Wiley & Sons, Inc.

Chicago

Cooper Douglas, . 2001. Drawing and perceiving. New York: John Wiley & Sons, Inc.

Harvard

Cooper D., . (2001). Drawing and perceiving. New York: John Wiley & Sons, Inc.

MLA

Cooper Douglas, . Drawing and perceiving. New York: John Wiley & Sons, Inc. 2001.

  • Place hold
  • Print
  • Cite
  • Add to your cart (remove)
  • Save record
    BIBTEX Dublin Core MARCXML MARC (non-Unicode/MARC-8) MARC (Unicode/UTF-8) MARC (Unicode/UTF-8, Standard) MODS (XML) RIS
  • More searches
    Search for this title in:
    Other Libraries (WorldCat) Other Databases (Google Scholar) Online Stores (Bookfinder.com) Open Library (openlibrary.org)

Exporting to Dublin Core...

SOUTHVILLE LIBRARY

Southville International School and Colleges Library

1281 Tropical Ave. Cor. Luxembourg St., BF Homes International, Las Pinas City

Tel. No. 8256374 / 252358 Loc. 117/146

Powered by Koha